Statistics for Top 100 NBA Players 2017-18 (ESPN)

Click here to take the quiz!

General Stats

  • This quiz has been taken 2,182 times
  • The average score is 67 of 100

Answer Stats

#PlayerTeamPosition% Correct
1LeBron JamesCavaliersSF
100%
2Kevin DurantWarriorsSF
99%
4Stephen CurryWarriorsPG
99%
8James HardenRocketsSG
98%
5Russell WestbrookThunderPG
98%
6Anthony DavisPelicansPF
97%
7Chris PaulRocketsPG
97%
10Draymond GreenWarriorsPF
97%
3Kawhi LeonardSpursSF
97%
59Danny GreenSpursSG
95%
12Karl-Anthony TownsTimberwolvesC
95%
19Klay ThompsonWarriorsSG
95%
15John WallWizardsPG
94%
18Damian LillardTrail BlazersPG
93%
9Giannis AntetokounmpoBucksSF
93%
72Tristan ThompsonCavaliersC
93%
13Paul GeorgeThunderSF
92%
11Jimmy ButlerTimberwolvesSG
91%
21Kyle LowryRaptorsPG
91%
25Kyrie IrvingCelticsPG
91%
14Rudy GobertJazzC
91%
17DeMarcus CousinsPelicansC
90%
16Nikola JokicNuggetsC
90%
26Kevin LoveCavaliersPF
89%
24Blake GriffinClippersPF
88%
28Bradley BealWizardsSG
88%
32Joel Embiid76ersC
88%
29Marc GasolGrizzliesC
87%
34Kemba WalkerHornetsPG
86%
80Pau GasolSpursC
86%
30DeAndre JordanClippersC
85%
23Mike ConleyGrizzliesPG
84%
20Gordon HaywardCelticsSF
83%
39DeMar DeRozanRaptorsSG
81%
22Kristaps PorzingisKnicksPF
80%
31C.J. McCollumTrail BlazersSG
79%
60Devin BookerSunsSG
79%
33Isaiah ThomasCavaliersPG
79%
40Al HorfordCelticsC
78%
64Carmelo AnthonyKnicksSF
78%
35Khris MiddletonBucksSG
78%
45LaMarcus AldridgeSpursPF
78%
46Steven AdamsThunderC
77%
41Hassan WhitesideHeatC
74%
57Andrew WigginsTimberwolvesSF
73%
36Myles TurnerPacersC
73%
53Andre DrummondPistonsC
71%
37Eric BledsoeSunsPG
71%
27Paul MillsapNuggetsPF
70%
68Aaron GordonMagicPF
68%
84Ben Simmons76ersPF
68%
51Brook LopezLakersC
68%
62Eric GordonRocketsSG
68%
52Jrue HolidayPelicansSG
68%
63Lonzo BallLakersPG
68%
47Goran DragicHeatPG
67%
67Patty MillsSpursPG
67%
75Dennis Smith, Jr.MavericksPG
65%
44Jusuf NurkicTrail BlazersC
65%
70Clint CapelaRocketsC
63%
43Andre IguodalaWarriorsSF
62%
42Otto Porter, Jr.WizardsSF
61%
48Ricky RubioJazzPG
61%
78Victor OladipoPacersSG
60%
83D'Angelo RussellNetsSG
57%
90Gary HarrisNuggetsSG
57%
69Serge IbakaRaptorsPF
57%
97Dirk NowitzkiMavericksPF
55%
58Harrison BarnesMavericksSF
53%
81Lou WilliamsClippersPG
52%
50Patrick BeverleyClippersPG
51%
38Jae CrowderCavaliersSF
50%
73Jeff TeagueTimberwolvesPG
50%
87J.J. Redick76ersSG
50%
49George HillKingsPG
49%
65Marcus SmartCelticsSG
48%
66Nicolas BatumHornetsSG
46%
55Robert Covington76ersSF
46%
56Malcolm BrogdonBucksPG
45%
95Trevor ArizaRocketsSF
45%
61Avery BradleyPistonsSG
42%
96Dennis SchroderHawksPG
42%
93James JohnsonHeatPF
41%
79Markieff MorrisWizardsPF
41%
85Andre RobersonThunderSG
40%
74Kentavious Caldwell-PopeLakersSG
40%
54Danilo GallinariClippersSF
39%
94Derrick FavorsJazzPF
39%
99Manu GinobiliSpursSG
37%
86Markelle Fultz76ersPG
37%
100Ryan AndersonRocketsPF
37%
71Michael Kidd-GilchristHornetsSF
32%
89Cody ZellerHornetsC
30%
98Dion WaitersHeatSG
30%
92Rodney HoodJazzSG
29%
82Greg MonroeBucksC
28%
77Gorgui DiengTimberwolvesPF
26%
91Nerlens NoelMavericksC
23%
76Patrick PattersonThunderPF
21%
88Nikola MiroticFree AgentPF
11%

Score Distribution

Percentile by Number Answered

Percent of People with Each Score

Your Score History

You have not taken this quiz